'The decent people all moved out' (Record no. 71413)
[ view plain ]
| 000 -LEADER | |
|---|---|
| fixed length control field | 00884cam a2200229 4500 |
| 001 - CONTROL NUMBER | |
| control field | ABS66056 |
| 008 - FIXED-LENGTH DATA ELEMENTS--GENERAL INFORMATION | |
| fixed length control field | 021022n2002 000 0 eng u |
| 035 ## - SYSTEM CONTROL NUMBER | |
| System control number | (Sirsi) u120216 |
| 100 ## - MAIN ENTRY--PERSONAL NAME | |
| Personal name | Blackman, D. |
| 245 ## - TITLE STATEMENT | |
| Title | 'The decent people all moved out' |
| 260 ## - PUBLICATION, DISTRIBUTION, ETC. | |
| Date of publication, distribution, etc. | 2002 |
| 490 ## - SERIES STATEMENT | |
| Series statement | Roof |
| Volume/sequential designation | September/October 2002, 18-20(3) |
| 520 ## - SUMMARY, ETC. | |
| Summary, etc. | Councils in deprived areas are waiting for a housing market renewal fund to boost local markets. It is estimated that up to £500m could be available in nine pathfinder areas over three years. This article explores the different methods needed for the problems in each area and how to get people to move back into the areas. |
| 590 ## - LOCAL NOTE (RLIN) | |
| Local note | ABS |
| 650 ## - SUBJECT ADDED ENTRY--TOPICAL TERM | |
| Topical term or geographic name entry element | LOCAL AUTHORITIES |
| 650 ## - SUBJECT ADDED ENTRY--TOPICAL TERM | |
| Topical term or geographic name entry element | HOUSING MARKET RENEWAL FUND |
| 650 ## - SUBJECT ADDED ENTRY--TOPICAL TERM | |
| Topical term or geographic name entry element | SOCIAL HOUSING |
| 650 ## - SUBJECT ADDED ENTRY--TOPICAL TERM | |
| Topical term or geographic name entry element | LOW DEMAND |
| 650 ## - SUBJECT ADDED ENTRY--TOPICAL TERM | |
| Topical term or geographic name entry element | REGENERATION |
| 690 ## - LOCAL SUBJECT ADDED ENTRY--TOPICAL TERM (OCLC, RLIN) | |
| Topical term or geographic name as entry element | HOUSING |
| 942 ## - ADDED ENTRY ELEMENTS (KOHA) | |
| Suppress in OPAC | 0 |
| Withdrawn status | Lost status | Source of classification or shelving scheme | Damaged status | Not for loan | Home library | Current library | Shelving location | Date acquired | Total Checkouts | Full call number | Barcode | Date last seen | Copy number | Price effective from | Koha item type |
|---|---|---|---|---|---|---|---|---|---|---|---|---|---|---|---|
| Dewey Decimal Classification | London | London | Journal article | 22/10/2002 | ABS66056 | 120216-1001 | 06/08/2019 | 1 | 06/08/2019 | Journal article |